Normal view
MARC view
Entry Personal Name
001 - CONTROL NUMBER
- control field: 16918
003 - CONTROL NUMBER IDENTIFIER
- control field: OSt
005 - DATE AND TIME OF LATEST TRANSACTION
- control field: 20260601145223.0
008 - FIXED-LENGTH DATA ELEMENTS
- fixed length control field: 260601|| aca||aabn | a|a d
040 ## - CATALOGING SOURCE
- Original cataloging agency: OSt
- Transcribing agency: OSt
100 ## - HEADING--PERSONAL NAME
- Personal name: Merced, Dexter
670 ## - SOURCE DATA FOUND
- Source citation: Work cat.: (OSt)6205: Beatingo, Edmar, 2388 author., Ang sarbey ukol sa epekto ng pagkakaroon ng nobyo/nobya kaugnay sa performans ng mga estudyante sa Unibersidad ng Foundation /
